Pravoslávna cirkev na Slovensku : predstavitelia cirkvi

Podrobná bibliografia
Médium: Článok
Jazyk:Slovak
Témy:
ISBN: 80-968115-7-6
Zdroj: 1. Prehľad registrovaných cirkví a osobností náboženského života v Slovenskej republike 1. Bratislava : Ústav pre vzťahy štátu a cirkvi, 1998 1. 80-968115-7-6 1. S. 28-32
LEADER 01062naa a2200349 a 4500
001 000020013
003 SVKKK
005 20071210085831.0
008 030616c1998 xo e sloo
FMT
038 |a SVKKK 
040 |a SVKKK  |b slo  |e AACR2 
041 0 |a slo 
044 |a xo  |c SK 
080 |a 281.9  |2 1981 
080 |a 929 Pružinský, Štefan  |2 1981 
090 |a IV 179897 
130 0 |a Pravoslávna 
245 0 0 |a Pravoslávna cirkev na Slovensku :  |b predstavitelia cirkvi 
300 |b Fotogr., obr. 
600 1 4 |a Pružinský, Štefan,  |d 1935-,  |x kňaz, dekan 
650 0 4 |a cirkev pravoslávna  |x Pružinský, Štefan (kňaz, dekan, 1935-,)  |z Údol (SL)  |x rodák  |z Prešov  |x pôsobenie 
773 0 |t Prehľad registrovaných cirkví a osobností náboženského života v Slovenskej republike  |d Bratislava : Ústav pre vzťahy štátu a cirkvi, 1998  |z 80-968115-7-6  |g S. 28-32 
957 |a Prešov 
957 |a Údol 
958 |a PO 
958 |a SL 
974 |d 990412  |a Čr 
992 |a RZB 
BAS
852 |a SVKKK  |b BIB 
998 |a REG